| 000 | 00480nam a2200169Ia 4500 | ||
|---|---|---|---|
| 008 | 231221s9999 xx 000 0 und d | ||
| 020 | _a9790000000000 | ||
| 041 | _aEnglish | ||
| 082 | _a372.622 SAD;1 R | ||
| 100 | _aSadanand, Kamlesh. Punitha, Susheela | ||
| 245 | 0 | _aSpoken English: a foundation course for speakers of Hindi. Part 2 | |
| 260 |
_c2008 _bOrient Longman Pvt. Ltd. _aHyderabad |
||
| 300 | _avii+245 | ||
| 300 | _cCD3774 | ||
| 500 | _aE.-509 | ||
| 942 | _cHM | ||
| 999 |
_c209073 _d209073 |
||